Statistics for Magic the Gathering Return To Ravnica Guilds

Click here to take the quiz!

General Stats

  • This quiz has been taken 275 times
  • The average score is 9 of 10

Answer Stats

HintAnswer% Correct
Red + WhiteBoros
95%
Green + BlackGolgari
91%
Red + BlackRakdos
91%
Red + BlueIzzet
91%
Green + BlueSimic
90%
Black + BlueDimir
90%
Green + RedGruul
89%
White + BlueAzorius
86%
Black + WhiteOrzhov
85%
Green + WhiteSelesnya
83%

Score Distribution

Percentile by Number Answered

Percent of People with Each Score

Your Score History

You have not taken this quiz